[Event "Budapest Spring op"]
[Site "Budapest"]
[Date "2024.05.30"]
[Round "8"]
[White "Tzidkiya, Yeshaayahu"]
[Black "Gschnitzer, Adrian"]
[Result "1/2-1/2"]
[WhiteElo "2468"]
[BlackElo "2431"]
[PlyCount "89"]
[EventDate "2024.05.20"]
[EventType "swiss"]
[EventRounds "9"]
[EventCountry "HUN"]
[SourceTitle "CB24_2024"]
[SourceDate "2024.06.12"]
[SourceVersion "1"]
[SourceVersionDate "2024.06.12"]
[SourceQuality "1"]

1. e4 c5 2. Nf3 d6 3. d4 cxd4 4. Nxd4 Nf6 5. Nc3 a6 6. g3 e5 7. Nb3 Be7 8. Bg2 0-0 9. 0-0 Be6 10. a4 Nbd7 11. Nd5 Nxd5 12. exd5 Bf5 13. a5 Rc8 14. c3 Bg5 15. f4 exf4 16. Nd4 f3 17. Bxg5 Qxg5 18. Qxf3 Bg4 19. Qf4 Qxf4 20. gxf4 Nf6 21. Rfe1 Rc7 22. Kf2 Rfc8 23. Bf3 Bxf3 24. Kxf3 g6 25. Rad1 Rc5 26. Re7 Rb8 27. Ra1 Kf8 28. Re3 Rxd5 29. Ra3 Rh5 30. Re2 Rc8 31. Rd2 Rc7 32. Nc2 Kg7 33. Rb3 Re7 34. Rb6 d5 35. Nb4 Rf5 36. Rd4 Rd7 37. Nd3 Rc7 38. Rdb4 d4 39. Rxb7 Rxb7 40. Rxb7 dxc3 41. bxc3 Rxa5 42. Ne5 Kg8 43. Rb8+ Kg7 44. Rb7 Kg8 45. Rb8+ 1/2-1/2

[Event "AUT-chT 2324"]
[Site "Austria"]
[Date "2024.03.23"]
[Round "10.6"]
[White "Gschnitzer, Adrian"]
[Black "Bacrot, Etienne"]
[Result "0-1"]
[WhiteElo "2423"]
[BlackElo "2680"]
[PlyCount "120"]
[EventDate "2023.11.22"]
[EventType "team-tourn"]
[EventRounds "11"]
[EventCountry "AUT"]
[SourceTitle "CB13_2024"]
[SourceDate "2024.03.27"]
[SourceVersion "1"]
[SourceVersionDate "2024.03.27"]
[SourceQuality "1"]
[WhiteTeam "Fuerstenfeld/Hartberg"]
[BlackTeam "Linz"]
[WhiteTeamCountry "AUT"]
[BlackTeamCountry "AUT"]

1. e4 c5 2. Nf3 e6 3. d4 cxd4 4. Nxd4 Nc6 5. Nc3 Qc7 6. Be3 a6 7. Qf3 h5 8. Nxc6 Qxc6 9. Bd3 Ba3 10. bxa3 Qxc3+ 11. Ke2 Ne7 12. Rhd1 e5 13. h3 d6 14. Rab1 b5 15. Kf1 Be6 16. a4 bxa4 17. Rb7 Qc8 18. Rdb1 Bxa2 19. R1b6 Ng6 20. Bc1 0-0 21. Qxh5 Qc5 22. g3 a3 23. Rb4 Qc3 24. Ra4 Qc6 25. Rbb4 a5 26. Rb5 Bb1 27. Qe2 a2 28. Bb2 Rfb8 29. Raxa5 Qc8 30. Ba1 Rxa5 31. Rxa5 Qxh3+ 32. Kg1 Nf8 33. Ra7 Ne6 34. Qf3 Ng5 35. Qe2 Rc8 36. Ra3 Rb8 37. Qd1 Qd7 38. Qh5 Nh7 39. Kg2 Nf6 40. Qe2 Rc8 41. f3 Qc7 42. Qd2 Kh7 43. Ra4 Qd7 44. Ra6 Kg8 45. Ra5 Qd8 46. Ra7 Qb6 47. Ra4 Nd7 48. Bc4 Qc6 49. Rb4 Qc7 50. Qd5 Nf6 51. Qd3 Qc6 52. Qd2 Nxe4 53. fxe4 Qxe4+ 54. Kh3 Rxc4 55. Rxc4 Qxc4 56. Qxd6 f6 57. Qd8+ Kh7 58. Qe8 Qf1+ 59. Kh4 Qh1+ 60. Kg4 Qd1+ 0-1

[Event "Baden-Baden op"]
[Site "Baden-Baden"]
[Date "2024.02.12"]
[Round "6"]
[White "Gschnitzer, Adrian"]
[Black "Chen, Qi B"]
[Result "1/2-1/2"]
[WhiteElo "2409"]
[BlackElo "2466"]
[PlyCount "40"]
[EventDate "2024.02.09"]
[EventType "swiss"]
[EventRounds "9"]
[EventCountry "GER"]
[SourceTitle "CB08_2024"]
[SourceDate "2024.02.21"]
[SourceVersion "1"]
[SourceVersionDate "2024.02.21"]
[SourceQuality "1"]

1. e4 e5 2. Nf3 Nc6 3. Bc4 Nf6 4. d3 Bc5 5. c3 a6 6. a4 d6 7. 0-0 Ba7 8. Re1 h6 9. Nbd2 g5 10. b4 Ng4 11. Re2 Qf6 12. Qe1 Qg7 13. Nb3 Ne7 14. d4 Ng6 15. b5 Nf4 16. Rd2 Qf6 17. Qf1 0-0 18. h3 d5 19. Bd3 Nxd3 20. Qxd3 Qg6 1/2-1/2

[Event "Baden-Baden op"]
[Site "Baden-Baden"]
[Date "2024.02.10"]
[Round "3"]
[White "Hoffmann, Achim Gunter"]
[Black "Gschnitzer, Adrian"]
[Result "0-1"]
[WhiteElo "2029"]
[BlackElo "2409"]
[PlyCount "102"]
[EventDate "2024.02.09"]
[EventType "swiss"]
[EventRounds "9"]
[EventCountry "GER"]
[SourceTitle "CB08_2024"]
[SourceDate "2024.02.21"]
[SourceVersion "1"]
[SourceVersionDate "2024.02.21"]
[SourceQuality "1"]

1. f4 Nh6 2. e4 d5 3. e5 Bg4 4. Be2 Bxe2 5. Qxe2 Qd7 6. d4 Nf5 7. Nf3 e6 8. g4 Ne7 9. Rg1 h5 10. h3 hxg4 11. hxg4 c5 12. Be3 cxd4 13. Nxd4 Nbc6 14. Nd2 Nxd4 15. Bxd4 Nc6 16. c3 Nxd4 17. cxd4 Rc8 18. Nf3 Rc4 19. Kf2 Qc6 20. Rgd1 Bb4 21. Kg3 a5 22. Qe3 Rc2 23. Rac1 Kd7 24. Rxc2 Qxc2 25. Qc1 Qh7 26. Rg1 Rc8 27. Qf1 Rc4 28. Rg2 Qe4 29. Qd1 Kc7 30. Re2 Qg6 31. a3 Be7 32. Qd2 b6 33. Re3 Qc2 34. Re2 Qb1 35. Re1 Qc2 36. Re2 Qg6 37. Re3 Kb7 38. Rc3 Qe4 39. Re3 Qc2 40. Re2 Qb1 41. Re1 Qh7 42. Rc1 Qe4 43. Rxc4 dxc4 44. Qc3 Qe2 45. Nd2 Bh4+ 46. Kh3 Be1 47. Qf3+ Qxf3+ 48. Nxf3 Bf2 49. Kg2 Be3 50. f5 Kc6 51. f6 g6 0-1

[Event "Baden-Baden op"]
[Site "Baden-Baden"]
[Date "2024.02.09"]
[Round "1"]
[White "Neher, Benjamin"]
[Black "Gschnitzer, Adrian"]
[Result "0-1"]
[WhiteElo "1834"]
[BlackElo "2409"]
[PlyCount "64"]
[EventDate "2024.02.09"]
[EventType "swiss"]
[EventRounds "9"]
[EventCountry "GER"]
[SourceTitle "CB08_2024"]
[SourceDate "2024.02.21"]
[SourceVersion "1"]
[SourceVersionDate "2024.02.21"]
[SourceQuality "1"]

1. e4 c5 2. Nc3 Nc6 3. Bb5 Nd4 4. Nf3 a6 5. Bd3 e6 6. 0-0 Nc6 7. Re1 g5 8. h3 h5 9. Bf1 g4 10. Nh2 Bd6 11. g3 gxh3 12. Bxh3 h4 13. g4 Qf6 14. d3 Bxh2+ 15. Kxh2 Qxf2+ 16. Kh1 Nd4 17. Rf1 Qg3 18. Bg2 Nh6 19. Bf4 Qxg4 20. Qxg4 Nxg4 21. e5 Nxc2 22. Rac1 Nce3 23. Rf3 Nxg2 24. Kxg2 d6 25. exd6 Bd7 26. Ne4 Bc6 27. d7+ Kxd7 28. Nxc5+ Ke7 29. Ne4 f5 30. Bg5+ Kf7 31. Kh3 Kg6 32. Rf4 Bxe4 0-1

[Event "AUT-chT 2324"]
[Site "Austria"]
[Date "2023.11.23"]
[Round "2.6"]
[White "Meier, Alexander"]
[Black "Gschnitzer, Adrian"]
[Result "0-1"]
[WhiteElo "2231"]
[BlackElo "2403"]
[PlyCount "75"]
[EventDate "2023.11.22"]
[EventType "team-tourn"]
[EventRounds "11"]
[EventCountry "AUT"]
[SourceTitle "CB48_2023"]
[SourceDate "2023.11.29"]
[SourceVersion "1"]
[SourceVersionDate "2023.11.29"]
[SourceQuality "1"]
[WhiteTeam "Schach ohne Grenzen"]
[BlackTeam "Fuerstenfeld/Hartberg"]
[WhiteTeamCountry "AUT"]
[BlackTeamCountry "AUT"]

1. e4 c5 2. Nc3 Nc6 3. f4 g6 4. Nf3 Bg7 5. Bb5 Nd4 6. 0-0 Nxb5 7. Nxb5 d6 8. d3 Bd7 9. Nc3 e6 10. e5 d5 11. d4 Rc8 12. Kh1 Ne7 13. dxc5 Rxc5 14. Qd4 b6 15. Qf2 Nf5 16. g4 Ne7 17. Be3 Rc4 18. Nd4 h5 19. g5 Qa8 20. Kg1 0-0 21. Nce2 Rfc8 22. c3 b5 23. a3 Bf8 24. Ng3 Qb7 25. Qf3 a5 26. f5 exf5 27. e6 fxe6 28. Nxh5 gxh5 29. Qxh5 Be8 30. g6 Nxg6 31. Rf2 Bg7 32. Nxe6 Rg4+ 33. Kf1 d4 34. Qxf5 dxe3 35. Qxg4 exf2 36. Rd1 Rc4 37. Qf5 Qh1+ 38. Ke2 0-1

[Event "Deizisau Autumn op 17th"]
[Site "Deizisau"]
[Date "2023.10.28"]
[Round "2"]
[White "Gschnitzer, Adrian"]
[Black "Winkler, Tim"]
[Result "1-0"]
[WhiteElo "2402"]
[BlackElo "1930"]
[PlyCount "67"]
[EventDate "2023.10.27"]
[EventType "swiss"]
[EventRounds "7"]
[EventCountry "GER"]
[SourceTitle "Mega2024 Update 01"]
[Source "Chessbase"]
[SourceDate "2023.11.12"]
[SourceVersion "1"]
[SourceVersionDate "2023.11.12"]
[SourceQuality "1"]

1. c4 g6 2. e4 Bg7 3. d4 d6 4. Nc3 Nd7 5. Nf3 c5 6. Be2 cxd4 7. Nxd4 Qb6 8. Ndb5 Ngf6 9. Be3 Qa5 10. 0-0 a6 11. b4 Qd8 12. Nd4 b6 13. Qd2 Bb7 14. f3 Rc8 15. Rac1 0-0 16. Rfd1 Qc7 17. Nd5 Nxd5 18. cxd5 Qb8 19. Nc6 Bxc6 20. dxc6 Ne5 21. f4 Nxc6 22. Bxa6 Rc7 23. b5 Na5 24. Rxc7 Qxc7 25. Rc1 Qb8 26. Qf2 Nb7 27. Bxb6 Rc8 28. Rc6 Qa8 29. Qc2 Rb8 30. Kf1 Nd8 31. Rc8 Rxc8 32. Qxc8 Qxc8 33. Bxc8 Ne6 34. Bxe6 1-0

[Event "Deizisau Autumn op 17th"]
[Site "Deizisau"]
[Date "2023.10.28"]
[Round "3"]
[White "Portnov, Dmitry1"]
[Black "Gschnitzer, Adrian"]
[Result "0-1"]
[WhiteElo "2047"]
[BlackElo "2402"]
[PlyCount "94"]
[EventDate "2023.10.27"]
[EventType "swiss"]
[EventRounds "7"]
[EventCountry "GER"]
[SourceTitle "Mega2024 Update 01"]
[Source "Chessbase"]
[SourceDate "2023.11.12"]
[SourceVersion "1"]
[SourceVersionDate "2023.11.12"]
[SourceQuality "1"]

1. d4 Nf6 2. c4 c5 3. e3 g6 4. Nf3 Bg7 5. Nc3 0-0 6. Be2 cxd4 7. exd4 d5 8. Ne5 Nc6 9. Bf3 dxc4 10. Nxc6 bxc6 11. Qa4 Qxd4 12. Be3 Qe5 13. Qxc4 a5 14. Qxc6 Ba6 15. Qc5 Qxc5 16. Bxc5 Rac8 17. Be3 Ng4 18. Bxg4 Rxc3 19. bxc3 Bxc3+ 20. Bd2 Bxa1 21. Be2 Ra8 22. Bxa6 Rxa6 23. Ke2 Re6+ 24. Kd3 Rd6+ 25. Ke2 Bd4 26. f3 f5 27. Rb1 Rb6 28. Rxb6 Bxb6 29. a4 e5 30. Kd3 Kf7 31. Kc4 e4 32. fxe4 fxe4 33. Kd5 e3 34. Be1 Ke7 35. Kc6 Bd8 36. Bh4+ Ke8 37. Be1 g5 38. g4 Ke7 39. h4 Ke6 40. hxg5 Ke5 41. Kd7 Bxg5 42. Bxa5 Bh4 43. Bc3+ Kf4 44. a5 e2 45. a6 Bf2 46. Kc6 Kxg4 47. Be1 Ba7 0-1

[Event "Vienna Ottakring 100 Years"]
[Site "Vienna"]
[Date "2023.08.30"]
[Round "5"]
[White "Gschnitzer, Adrian"]
[Black "Chitlange, Sakshi"]
[Result "1/2-1/2"]
[WhiteElo "2417"]
[BlackElo "2239"]
[PlyCount "96"]
[EventDate "2023.08.26"]
[EventType "swiss"]
[EventRounds "9"]
[EventCountry "AUT"]
[SourceTitle "EXT 2024"]
[Source "ChessBase"]
[SourceDate "2023.10.10"]
[SourceVersion "1"]
[SourceVersionDate "2023.10.10"]
[SourceQuality "1"]

1. e4 c6 2. d4 d5 3. e5 c5 4. dxc5 e6 5. a3 Bxc5 6. b4 Be7 7. Nf3 Nd7 8. Bb5 a6 9. Bd3 f6 10. Bb2 Nh6 11. c4 fxe5 12. Nxe5 Nxe5 13. Bxe5 Bf6 14. Qe2 Nf7 15. Bxf6 Qxf6 16. Ra2 0-0 17. 0-0 Ne5 18. Rd2 Bd7 19. Re1 Nxd3 20. Rxd3 Rae8 21. Nd2 Bc6 22. Rf3 Qg6 23. b5 axb5 24. cxb5 Bd7 25. Rxf8+ Rxf8 26. a4 Qc2 27. a5 Qa4 28. a6 bxa6 29. bxa6 Ra8 30. Rb1 Bc8 31. h4 Qxa6 32. Qh5 Bd7 33. Nf3 h6 34. Ne5 Be8 35. Qg4 Qd6 36. f4 Ra4 37. Qg3 Ra7 38. Rc1 Ra8 39. Kh2 Rb8 40. Ra1 Qb6 41. Qg4 Kh8 42. Rc1 Ra8 43. Rc3 Ra1 44. Rc8 Qg1+ 45. Kh3 Qh1+ 46. Kg3 Qe1+ 47. Kh2 Qg1+ 48. Kh3 Qh1+ 1/2-1/2

[Event "Vienna Ottakring 100 Years"]
[Site "Vienna"]
[Date "2023.08.28"]
[Round "3"]
[White "Gschnitzer, Adrian"]
[Black "Powierski, Emil"]
[Result "1-0"]
[WhiteElo "2417"]
[BlackElo "2291"]
[PlyCount "123"]
[EventDate "2023.08.26"]
[EventType "swiss"]
[EventRounds "9"]
[EventCountry "AUT"]
[SourceTitle "EXT 2024"]
[Source "ChessBase"]
[SourceDate "2023.10.10"]
[SourceVersion "1"]
[SourceVersionDate "2023.10.10"]
[SourceQuality "1"]

1. Nf3 Nf6 2. c4 e6 3. g3 a6 4. Nc3 d5 5. cxd5 exd5 6. d4 Be7 7. Bg2 0-0 8. 0-0 c6 9. Qc2 Re8 10. Bf4 Nbd7 11. Rad1 Nf8 12. Ne5 Be6 13. Qb3 Ra7 14. Na4 N6d7 15. Qc2 Ng6 16. Nxd7 Nxf4 17. Ndc5 Nxg2 18. Nxe6 Ne3 19. Qb3 fxe6 20. Qxe3 Bd6 21. f4 b5 22. Nc3 Rc7 23. Qd3 c5 24. dxc5 Bxc5+ 25. Kh1 Qa8 26. Rf3 Bb4 27. Nb1 Be7 28. g4 Qc6 29. g5 Qc2 30. Nc3 Qxd3 31. Rfxd3 b4 32. Na4 Rc2 33. R1d2 Rec8 34. Kg2 Rc1 35. Rd1 Kf7 36. Kf3 Kg6 37. e4 dxe4+ 38. Kxe4 R8c4+ 39. Ke5 Kf7 40. Rxc1 Rxc1 41. Ke4 Re1+ 42. Kf3 Rf1+ 43. Ke4 Re1+ 44. Kf3 Ra1 45. Nb6 Rxa2 46. Nc4 a5 47. Rd7 a4 48. Ra7 b3 49. Ke4 a3 50. bxa3 b2 51. Rb7 Ke8 52. Ke5 Bxa3 53. Kxe6 Kd8 54. Nxa3 Rxa3 55. Rb8+ Kc7 56. Rxb2 g6 57. Rd2 Rf3 58. Rd7+ Kc6 59. Rxh7 Rxf4 60. Rh6 Rf2 61. h4 Rf4 62. h5 1-0

[Event "SUI-ch op 122nd"]
[Site "Leukerbad"]
[Date "2023.07.20"]
[Round "6"]
[White "Wyss, Jonas"]
[Black "Gschnitzer, Adrian"]
[Result "1-0"]
[WhiteElo "2220"]
[BlackElo "2425"]
[PlyCount "45"]
[EventDate "2023.07.07"]
[EventType "swiss"]
[EventRounds "9"]
[EventCountry "SUI"]
[SourceTitle "EXT 2024"]
[Source "ChessBase"]
[SourceDate "2023.10.10"]
[SourceVersion "1"]
[SourceVersionDate "2023.10.10"]
[SourceQuality "1"]

1. e4 c5 2. Nf3 Nc6 3. d4 cxd4 4. Nxd4 g6 5. Nc3 Bg7 6. Be3 Nf6 7. Bc4 0-0 8. Bb3 d6 9. f3 Nd7 10. h4 h5 11. g4 Nxd4 12. Bxd4 Bxd4 13. Qxd4 Ne5 14. Qe3 hxg4 15. 0-0-0 Nxf3 16. h5 g5 17. Rhf1 e6 18. e5 Nxe5 19. Rxd6 Qxd6 20. Qxg5+ Ng6 21. hxg6 f5 22. Rh1 Qc7 23. Nd5 1-0

[Event "SUI-ch op 122nd"]
[Site "Leukerbad"]
[Date "2023.07.18"]
[Round "4"]
[White "Stojanovic, Mihajlo"]
[Black "Gschnitzer, Adrian"]
[Result "1/2-1/2"]
[WhiteElo "2485"]
[BlackElo "2425"]
[PlyCount "32"]
[EventDate "2023.07.07"]
[EventType "swiss"]
[EventRounds "9"]
[EventCountry "SUI"]
[SourceTitle "EXT 2024"]
[Source "ChessBase"]
[SourceDate "2023.10.10"]
[SourceVersion "1"]
[SourceVersionDate "2023.10.10"]
[SourceQuality "1"]

1. d4 Nf6 2. c4 c5 3. d5 b5 4. cxb5 a6 5. e3 g6 6. Nc3 Bg7 7. Nf3 0-0 8. a4 Bb7 9. Ra3 e6 10. dxe6 fxe6 11. Be2 axb5 12. Bxb5 d5 13. 0-0 Nbd7 14. Ne2 Qe7 15. b3 e5 16. Bb2 d4 1/2-1/2

[Event "SUI-ch op 122nd"]
[Site "Leukerbad"]
[Date "2023.07.17"]
[Round "3"]
[White "Gschnitzer, Adrian"]
[Black "Gut, Lionel"]
[Result "1-0"]
[WhiteElo "2425"]
[BlackElo "2087"]
[PlyCount "71"]
[EventDate "2023.07.07"]
[EventType "swiss"]
[EventRounds "9"]
[EventCountry "SUI"]
[SourceTitle "EXT 2024"]
[Source "ChessBase"]
[SourceDate "2023.10.10"]
[SourceVersion "1"]
[SourceVersionDate "2023.10.10"]
[SourceQuality "1"]

1. c4 e5 2. Nc3 Nf6 3. Nf3 Nc6 4. e3 d5 5. cxd5 Nxd5 6. Bb5 Nxc3 7. bxc3 e4 8. Ne5 Qd5 9. Qa4 Bd7 10. Nxd7 Kxd7 11. Rb1 Bd6 12. Bc4 Qa5 13. Qxa5 Nxa5 14. Bxf7 c6 15. 0-0 Kc7 16. f3 Rhf8 17. fxe4 Rad8 18. Rf5 g6 19. Rxa5 Rxf7 20. e5 Bf8 21. Rxa7 Kb8 22. Ra4 Bh6 23. Ba3 Rxd2 24. Bd6+ Kc8 25. Ra8+ Kd7 26. Rxb7+ Ke6 27. Re8+ Kd5 28. Rxf7 Bxe3+ 29. Kf1 Ke4 30. Rf3 Rd1+ 31. Ke2 Rd2+ 32. Ke1 Rxg2 33. Rxe3+ Kxe3 34. Bc5+ Kd3 35. e6 Kc4 36. e7 1-0

[Event "Bern op"]
[Site "Bern"]
[Date "2023.05.19"]
[Round "3"]
[White "Gschnitzer, Adrian"]
[Black "Ramseyer, Nicola"]
[Result "1/2-1/2"]
[WhiteElo "2432"]
[BlackElo "2081"]
[PlyCount "83"]
[EventDate "2023.05.18"]
[EventType "swiss"]
[EventRounds "7"]
[EventCountry "SUI"]
[SourceTitle "CBM 214 Extra"]
[Source "ChessBase"]
[SourceDate "2023.07.31"]
[SourceVersion "1"]
[SourceVersionDate "2023.07.31"]
[SourceQuality "1"]

1. e4 e6 2. d4 d5 3. Nc3 Bb4 4. e5 c5 5. Bd2 Nh6 6. Nb5 Bxd2+ 7. Qxd2 0-0 8. f4 Nc6 9. Nf3 f6 10. dxc5 fxe5 11. fxe5 Ng4 12. 0-0-0 Ngxe5 13. Nxe5 Nxe5 14. Be2 Bd7 15. Qe3 Nf7 16. Kb1 Qg5 17. Qxg5 Nxg5 18. Nd6 Rf2 19. Rhe1 b6 20. h4 Nf7 21. Nxf7 Kxf7 22. cxb6 axb6 23. Bf3 Rc8 24. c3 Ba4 25. Rd4 Bc2+ 26. Kc1 Bf5 27. Rd2 Rxd2 28. Kxd2 d4 29. Rc1 dxc3+ 30. Rxc3 Rxc3 31. Kxc3 Ke7 32. a4 e5 33. b4 Kd6 34. a5 bxa5 35. bxa5 Kc5 36. a6 Kb6 37. Bb7 h5 38. Kc4 Be6+ 39. Kd3 Bf5+ 40. Kc4 Be6+ 41. Bd5 Bf5 42. Bb7 1/2-1/2

[Event "Basel Swiss YM"]
[Site "Basel"]
[Date "2023.04.13"]
[Round "7"]
[White "Gschnitzer, Adrian"]
[Black "Hakimifard, Ghazal"]
[Result "1-0"]
[WhiteElo "2425"]
[BlackElo "2291"]
[PlyCount "65"]
[EventDate "2023.04.07"]
[EventType "tourn"]
[EventRounds "9"]
[EventCountry "SUI"]
[EventCategory "6"]
[SourceTitle "CBM 213 Extra"]
[Source "ChessBase"]
[SourceDate "2023.05.31"]
[SourceVersion "1"]
[SourceVersionDate "2023.05.31"]
[SourceQuality "1"]

1. e4 c5 2. Nf3 e6 3. d4 cxd4 4. Nxd4 a6 5. Nc3 Qc7 6. Bd3 Nf6 7. 0-0 Bc5 8. Nb3 Ba7 9. Qe2 d6 10. Be3 Nc6 11. a4 Bxe3 12. Qxe3 b6 13. Nd2 0-0 14. f4 d5 15. e5 Nd7 16. Qh3 h6 17. Rf3 Nd4 18. Rg3 Kh8 19. Qg4 Rg8 20. Rh3 Nc5 21. Qg5 Rd8 22. Rxh6+ gxh6 23. Qxh6+ Kg8 24. Bh7+ Kh8 25. Bg6+ Kg8 26. Bh7+ Kh8 27. Re1 f5 28. Qf6+ Kxh7 29. Re3 Qg7 30. Qxd8 Qg4 31. Rg3 Qxg3 32. hxg3 Nxc2 33. Nf3 1-0

[Event "Titled Tuesday intern op 11th Apr Late"]
[Site "Chess.com INT"]
[Date "2023.04.11"]
[Round "5"]
[White "Garcia Molina, Jose"]
[Black "Gschnitzer, Adrian"]
[Result "1-0"]
[WhiteElo "2251"]
[BlackElo "2425"]
[PlyCount "47"]
[EventDate "2023.04.11"]
[EventType "swiss (blitz)"]
[EventRounds "11"]
[EventCountry "USA"]
[SourceTitle "CBM 213 Extra"]
[Source "ChessBase"]
[SourceDate "2023.05.31"]
[SourceVersion "1"]
[SourceVersionDate "2023.05.31"]
[SourceQuality "1"]

1. c4 Nf6 2. b3 c5 3. Bb2 d5 4. cxd5 Nxd5 5. e3 f6 6. d4 cxd4 7. exd4 Nc6 8. Nf3 e6 9. g3 Bb4+ 10. Nbd2 Nc3 11. Qc2 Nxd4 12. Nxd4 Qxd4 13. Bb5+ Nxb5 14. Bxd4 Nxd4 15. Qc4 e5 16. Rc1 Ba5 17. Qa4+ Nc6 18. Rxc6 Bxd2+ 19. Kxd2 Bd7 20. Re6+ Kd8 21. Rd6 b5 22. Qxb5 Ke7 23. Qxd7+ Kf8 24. Rc6 1-0

[Event "Titled Tuesday intern op 11th Apr Late"]
[Site "Chess.com INT"]
[Date "2023.04.11"]
[Round "3"]
[White "Indjic, Aleksandar"]
[Black "Gschnitzer, Adrian"]
[Result "1-0"]
[WhiteElo "2618"]
[BlackElo "2425"]
[PlyCount "141"]
[EventDate "2023.04.11"]
[EventType "swiss (blitz)"]
[EventRounds "11"]
[EventCountry "USA"]
[SourceTitle "CBM 213 Extra"]
[Source "ChessBase"]
[SourceDate "2023.05.31"]
[SourceVersion "1"]
[SourceVersionDate "2023.05.31"]
[SourceQuality "1"]

1. e4 c5 2. Nc3 Nc6 3. Bb5 Nd4 4. Nf3 e6 5. Bd3 a6 6. Nxd4 cxd4 7. Ne2 d5 8. exd5 Qxd5 9. 0-0 Bd6 10. c4 Qh5 11. f4 Nf6 12. b4 e5 13. c5 Bc7 14. fxe5 Bxe5 15. Ng3 Qh4 16. Qe1 Ng4 17. h3 Qxg3 18. Qxg3 Bxg3 19. hxg4 Bxg4 20. Bb2 0-0-0 21. Rxf7 Rhf8 22. Raf1 Rxf7 23. Rxf7 h5 24. Bf5+ Bxf5 25. Rxf5 g6 26. Rf6 h4 27. Re6 g5 28. Re4 d3 29. Bc3 Rf8 30. Bd4 Kc7 31. Be3 Kc6 32. a3 Kb5 33. Rd4 Re8 34. Rxd3 g4 35. Rd4 h3 36. Rxg4 h2+ 37. Kh1 Bc7 38. g3 Ka4 39. Kxh2 Kxa3 40. Kg2 Kb3 41. Kf3 Rf8+ 42. Ke2 Rf7 43. Bf2 Re7+ 44. Kd3 Rd7+ 45. Rd4 Rxd4+ 46. Kxd4 Kxb4 47. g4 a5 48. Kd5 Bf4 49. d3 a4 50. Bd4 a3 51. Ke4 Bc1 52. Be5 Bb2 53. c6 bxc6 54. Bd6+ Kb3 55. Bxa3 Kxa3 56. d4 Kb3 57. d5 c5 58. g5 c4 59. d6 Ba3 60. d7 Be7 61. g6 c3 62. g7 c2 63. g8Q+ Kb2 64. Qg7+ Kb1 65. Qxe7 c1Q 66. Qb4+ Ka1 67. Qd4+ Kb1 68. d8Q Qc2+ 69. Qd3 Kb2 70. Qxc2+ Ka1 71. Qdd1# 1-0

[Event "BL2-Sued 2223"]
[Site "Germany"]
[Date "2023.03.19"]
[Round "10.1"]
[White "Lagarde, Maxime"]
[Black "Gschnitzer, Adrian"]
[Result "1-0"]
[WhiteElo "2581"]
[BlackElo "2438"]
[PlyCount "69"]
[EventDate "2022.10.22"]
[EventType "team-tourn"]
[EventRounds "9"]
[EventCountry "GER"]
[SourceTitle "EXT 2024"]
[Source "ChessBase"]
[SourceDate "2023.10.10"]
[SourceVersion "1"]
[SourceVersionDate "2023.10.10"]
[SourceQuality "1"]
[WhiteTeam "Oetigheim"]
[BlackTeam "Walldorf"]
[WhiteTeamCountry "GER"]
[BlackTeamCountry "GER"]

1. e4 c5 2. Nf3 Nc6 3. d4 cxd4 4. Nxd4 g6 5. c4 Bg7 6. Be3 Nf6 7. Nc3 0-0 8. Be2 d6 9. 0-0 Bd7 10. Nc2 Qa5 11. f4 a6 12. a3 b5 13. c5 Qc7 14. Bf3 Rad8 15. Nd5 Nxd5 16. exd5 Na5 17. c6 Bf5 18. Nd4 e5 19. Nxf5 gxf5 20. Be2 Rfe8 21. Qc2 exf4 22. Bxf4 Nb3 23. Qxb3 Rxe2 24. Qg3 Kh8 25. Rae1 Re4 26. Rxe4 fxe4 27. Be3 Rf8 28. Qg4 Bxb2 29. Qxe4 Be5 30. Bd4 Re8 31. Rf5 a5 32. Bxe5+ Rxe5 33. Rxe5 dxe5 34. Qe3 Qd6 35. Qc1 1-0

[Event "GER CupT"]
[Site "Germany"]
[Date "2023.03.12"]
[Round "4.1"]
[White "Markus, Robert"]
[Black "Gschnitzer, Adrian"]
[Result "1/2-1/2"]
[WhiteElo "2598"]
[BlackElo "2420"]
[PlyCount "83"]
[EventDate "2023.01.28"]
[EventType "team-k.o."]
[EventRounds "4"]
[EventCountry "GER"]
[SourceTitle "EXT 2024"]
[Source "ChessBase"]
[SourceDate "2023.10.10"]
[SourceVersion "1"]
[SourceVersionDate "2023.10.10"]
[SourceQuality "1"]
[WhiteTeam "Kirchweyhe"]
[BlackTeam "Walldorf"]
[WhiteTeamCountry "GER"]
[BlackTeamCountry "GER"]

1. d4 d5 2. c4 e6 3. Nf3 c6 4. e3 Nf6 5. Nc3 Nbd7 6. Be2 dxc4 7. a4 Bd6 8. Nd2 0-0 9. Nxc4 Bc7 10. b3 Nb6 11. 0-0 Nbd5 12. Bb2 a5 13. Bf3 Ra6 14. e4 Nxc3 15. Bxc3 b5 16. Ne5 b4 17. Bb2 Bxe5 18. dxe5 Nd7 19. Rc1 Qc7 20. Be2 Ra8 21. Qd4 Ba6 22. Bxa6 Rxa6 23. Rfd1 Ra7 24. Qe3 Rc8 25. Rd6 c5 26. Qd3 h6 27. g3 Qb7 28. f3 Rc6 29. Kg2 Rxd6 30. exd6 Ra6 31. e5 Rc6 32. Kf2 Rc8 33. Rc2 Qc6 34. Ke2 Qb7 35. g4 Qc6 36. h4 Qb7 37. h5 Qc6 38. Qc4 Nb6 39. Qe4 Qxe4+ 40. fxe4 Kf8 41. Bd4 Nd7 42. Kf3 1/2-1/2

[Event "GER CupT"]
[Site "Germany"]
[Date "2023.03.11"]
[Round "3.1"]
[White "Gschnitzer, Adrian"]
[Black "Bornholdt, Joa Max"]
[Result "1-0"]
[WhiteElo "2420"]
[BlackElo "2297"]
[PlyCount "117"]
[EventDate "2023.01.28"]
[EventType "team-k.o."]
[EventRounds "4"]
[EventCountry "GER"]
[SourceTitle "EXT 2024"]
[Source "ChessBase"]
[SourceDate "2023.10.10"]
[SourceVersion "1"]
[SourceVersionDate "2023.10.10"]
[SourceQuality "1"]
[WhiteTeam "Walldorf"]
[BlackTeam "Luebeck"]
[WhiteTeamCountry "GER"]
[BlackTeamCountry "GER"]

1. e4 e5 2. Nf3 Nc6 3. Bc4 Bc5 4. c3 Nf6 5. d3 a6 6. a4 Ba7 7. 0-0 d6 8. Re1 0-0 9. h3 h6 10. Nbd2 Be6 11. Bxe6 fxe6 12. b4 Ne7 13. Nf1 Ng6 14. Ra2 c6 15. Ng3 d5 16. Qb3 Rc8 17. c4 Rf7 18. Rc2 Rcc7 19. exd5 exd5 20. Bb2 e4 21. Bxf6 Qxf6 22. dxe4 dxc4 23. Qxc4 Ne5 24. Qb3 Nxf3+ 25. gxf3 Qxf3 26. Qxf3 Rxf3 27. Kg2 Rb3 28. e5 g6 29. Re4 Rd3 30. f4 Kf7 31. f5 gxf5 32. e6+ Kf6 33. Nxf5 Rc8 34. Nxh6 Re8 35. Rce2 Rd4 36. Re5 Rf4 37. Ng4+ Ke7 38. Rh5 Kd6 39. Rh7 Re7 40. Rxe7 Kxe7 41. Nh6 Bb8 42. h4 Ke8 43. Kh3 Bd6 44. h5 Be7 45. Ng4 Rf3+ 46. Kg2 Rf4 47. Kg3 Bd6 48. h6 Re4+ 49. Kh3 Rxe2 50. h7 Rh2+ 51. Nxh2 Be5 52. Kg4 a5 53. bxa5 c5 54. Nf3 Bg7 55. Nd2 Ke7 56. Kf5 Bh8 57. Nc4 Bg7 58. Ne5 Ke8 59. Ke4 1-0